Pokles domáceho dopytu hovorí za zníženie kľúčových mier
Rast HDP v roku 2003 vytiahol výlučne export. Investície a spotreba domácností klesli. Rekordný úbytok stavu zásob - príčiny. Pokles tvorby hrubého fixného kapitálu. Mzdy a spotreba na Slovensku. Reálny predpoklad naštartovania rastu investícií je v roku 2004.
Enregistré dans:
| Auteur principal: | |
|---|---|
| Format: | Chapitre de livre |
| Langue: | slovaque |
| Sujets: | |
| Tags: |
Pas de tags, Soyez le premier à ajouter un tag!
|
MARC
| LEADER | 00000naa$a2200000$$$4500 | ||
|---|---|---|---|
| 001 | 0005739 | ||
| 005 | 20231009074608.3 | ||
| 041 | 0 | |a slo | |
| 044 | |a SK | ||
| 245 | 1 | 0 | |a Pokles domáceho dopytu hovorí za zníženie kľúčových mier |c aut. Ján Kovalčík |
| 520 | |a Rast HDP v roku 2003 vytiahol výlučne export. Investície a spotreba domácností klesli. Rekordný úbytok stavu zásob - príčiny. Pokles tvorby hrubého fixného kapitálu. Mzdy a spotreba na Slovensku. Reálny predpoklad naštartovania rastu investícií je v roku 2004. | ||
| 610 | 2 | 0 | |a produkt domáci hrubý |
| 610 | 2 | 0 | |a dopyt domáci |
| 610 | 2 | 0 | |a zásoby |
| 610 | 2 | 0 | |a spotreba |
| 610 | 2 | 0 | |a domácnosti |
| 610 | 2 | 0 | |a vývoz |
| 610 | 2 | 0 | |a investície |
| 610 | 2 | 0 | |a investície zahraničné |
| 610 | 2 | 0 | |a mzdy |
| 610 | 2 | 0 | |a Slovensko |
| 610 | 2 | 0 | |a 2003 |
| 100 | 1 | |a Kovalčík, Ján | |